00543nam a2200145 a 450000100100000000500170001000800410002704000250006811000320009324500810012526000500020630000190025695201050027599900170038000003946120201002031648.0130701s1996 dr 000 0 spa d aDO-SdBNPbspacBNPHU1 aRepública Dominicana944710aLey No. 633 sobre contadores públicos autorizados del 16 de junio de 1944. aSanto Domingo :b[Congreso Nacional ],c1996. a7 p. ;c21 cm. 0010718PDaPDbPDcCTd2013-07-01iLF1l0o p39461-10r2020-06-25w2020-06-25yLFPDZNo se presta c38951d38951